00557 2200193 4500001002100000005001700021008004100038035002500079082000800104090001500112100002100127245003800148260003200186300002100218440005600239650004400295850001200339990001200351YOGYA-0209000005975120150330100651.0 ind  a0010-020900000059751 a823 a823bBar F aBARING, Ilaurice aFridays businesscIlaurice Baring aLeipzigbBernhard Tawehnitz a285 hlm.c16 cm. aCollection of British and American Autors Vol. 5102 aKesastraan Inggris dan Amerika - cerita aYOPDYOG a42653-a